Some American people.

Bibliographic Details
Main Author: Caldwell, Erskine, 1903-1987
Format: Book
Language:English
Published: New York : R. M. McBride & Company, [1935]
Subjects:

MARC

Tag First Indicator Second Indicator Subfields
LEADER 00000cam a2200000 4500
001 in00000067014
005 20151008051302.0
008 730124s1935 nyu 00000 eng u
010 |a  35023586  
035 |a (OCoLC)00545462 
035 |9 AAG6969AM 
040 |c CSU  |d TXA  |d UtOrBLW 
049 |a TXAM  |c 1 [62318] 
050 0 |a HN57  |b .C3 
082 0 |a 309.173 
092 |a 309.173  |b C147s 
100 1 |a Caldwell, Erskine,  |d 1903-1987. 
245 1 0 |a Some American people. 
264 1 |a New York :  |b R. M. McBride & Company,  |c [1935] 
264 4 |c [©1935] 
300 |a 266p. ;  |c 20cm. 
336 |a text  |b txt  |2 rdacontent 
337 |a unmediated  |b n  |2 rdamedia 
338 |a volume  |b nc  |2 rdacarrier 
500 |a "First edition." 
505 0 |a Cross-country.- Detroit.- Southern tenant farmers. 
650 0 |a Working class  |z United States  |y 1914- 
651 0 |a United States  |x Economic conditions  |y 1918-1945. 
650 0 |a Labor movement  |z United States  |y 1914- 
650 0 |a Labor  |z United States  |y 1914- 
999 |a MARS 
999 f f |s aed0d676-d821-3949-b500-32416ac80703  |i bb00611f-d428-30d3-a665-39999134684a  |t 0 
952 f f |p ric  |a Texas A&M University  |b Rellis Campus  |c Joint Library Facility  |d Remote Storage  |t 0  |e HN57 .C3  |h Library of Congress classification  |i unmediated -- volume  |m A14800649762 
998 f f |a HN57 .C3  |t 0  |l Remote Storage